Statistiques concernant Pays qui contiennent la lettre D

Cliquez ici pour prendre le quiz!

Statistiques générales

  • Ce quiz a été pris 167 fois
  • Le résultat moyen est 22 sur 44

Statistiques - réponses

IndicePays% Correct
1 x DDanemark
95%
2 x DCorée du Sud
72%
1 x DDjibouti
69%
1 x DRépublique Dominicaine
69%
2 x DCorée du Nord
67%
1 x DIrlande
67%
1 x DIslande
65%
1 x DDominique
64%
2 x DAfrique du Sud
63%
1 x DCanada
63%
1 x DFinlande
63%
1 x DIndonésie
63%
1 x DInde
61%
2 x DRépublique Démocratique du Congo
61%
1 x DSoudan
61%
1 x DRépublique du Congo
59%
3 x DSoudan du Sud
58%
1 x DSuède
58%
1 x DAzerbaïdjan
54%
1 x DTadjikistan
54%
1 x DAndorre
51%
3 x DMacédoine du Nord
51%
1 x DArabie Saoudite
44%
1 x DMadagascar
43%
1 x DThaïlande
43%
1 x DNouvelle-Zélande
42%
1 x DCambodge
41%
1 x DMoldavie
41%
1 x DTchad
41%
1 x DBarbade
40%
1 x DCôte d'Ivoire
39%
1 x DFidji
37%
1 x DHonduras
37%
1 x DJordanie
37%
1 x DSaint-Vincent-et-les-Grenadines
37%
1 x DBangladesh
34%
1 x DAntigua-et-Barbuda
33%
1 x DGrenade
33%
1 x DOuganda
31%
1 x DBurundi
29%
1 x DMaldives
28%
1 x DSalvador
28%
1 x DRwanda
24%
2 x DÉtats Fédérés de Micronésie
15%

Distribution des résultats

Percentile par nombre de réponses

% des personnes avec chaque résultat

Votre développement - résultats

Vous n’avez pas pris ce quiz